000 00483nam a2200193Ia 4500
003 0100
008 130303s9999 xx 000 0 und d
040 _cARRUPELIB
050 _aHM213.L44131968
100 _aLepp, Ignace
245 4 _aThe art of being an intellectual
245 _ba practical guide to joys and discipline of the life of the mind
260 _aNew York
260 _bMacmillan
260 _C1968
300 _ax
300 _b 113 p. 21 cm
942 0 0 _01
999 _c35383
_d35383